Statistiques concernant Equipage de Shanks - One Piece

Cliquez ici pour prendre le quiz!

Statistiques générales

  • Ce quiz a été pris 98 fois
    (84 depuis la dernière actualisation)
  • Le résultat moyen est 6 sur 11

Statistiques - réponses

RôleMembre% Correct
CapitaineShanks
98%
SecondBen Beckmann
97%
SniperYasopp
97%
Homme de mainLucky Roux
76%
MessagerRockstar
76%
SubordonnéeLimejuice
32%
SubordonnéeBuilding Snake
18%
SubordonnéeMonstar
18%
SubordonnéeHongo
15%
SubordonnéeHowling Gab
13%
SubordonnéeBonk Panchi
11%

Distribution des résultats

Percentile par nombre de réponses

% des personnes avec chaque résultat

Votre développement - résultats

Vous n’avez pas pris ce quiz depuis la dernière actualisation